<?xml version="1.0" encoding="UTF-8"?>
<record
    xmlns:xsi="http://www.w3.org/2001/XMLSchema-instance"
    xsi:schemaLocation="http://www.loc.gov/MARC21/slim http://www.loc.gov/standards/marcxml/schema/MARC21slim.xsd"
    xmlns="http://www.loc.gov/MARC21/slim">

  <leader>01929nam a22002297a 4500</leader>
  <controlfield tag="005">20260305155027.0</controlfield>
  <controlfield tag="008">260216b        |||||||| |||| 00| 0 eng d</controlfield>
  <datafield tag="020" ind1=" " ind2=" ">
    <subfield code="a">9789370607385</subfield>
  </datafield>
  <datafield tag="040" ind1=" " ind2=" ">
    <subfield code="c">AIMIT LIBRARY</subfield>
  </datafield>
  <datafield tag="082" ind1=" " ind2=" ">
    <subfield code="2">1</subfield>
    <subfield code="a">658.84</subfield>
    <subfield code="b">DWER</subfield>
  </datafield>
  <datafield tag="100" ind1=" " ind2=" ">
    <subfield code="a">Dwesar, Rishi.</subfield>
    <subfield code="9">255018</subfield>
  </datafield>
  <datafield tag="245" ind1=" " ind2=" ">
    <subfield code="a">Digital marketing :</subfield>
    <subfield code="b">Tools, techniques, and trends /</subfield>
    <subfield code="c">By Rishi Dwesar and Ankit Kesharwani.</subfield>
  </datafield>
  <datafield tag="250" ind1=" " ind2=" ">
    <subfield code="a">1st ed.</subfield>
  </datafield>
  <datafield tag="260" ind1=" " ind2=" ">
    <subfield code="a">New Delhi :</subfield>
    <subfield code="b">Wiley ,</subfield>
    <subfield code="c">2025.</subfield>
  </datafield>
  <datafield tag="300" ind1=" " ind2=" ">
    <subfield code="a">xxxii,647p. ;</subfield>
    <subfield code="b">PB</subfield>
    <subfield code="c">24.5 cm</subfield>
  </datafield>
  <datafield tag="500" ind1=" " ind2=" ">
    <subfield code="a">In an era shaped by data, disruption, and digital acceleration, Digital Marketing: Tools, Techniques, and Trends is your trusted guide to navigating and mastering the dynamic world of digital marketing. Written by experienced educators with extensive training and consulting experience, this book strikes a powerful balance between foundational theory and practical application. From SEO, social media, influencer, and email marketing to AI-powered campaigns, marketing automation, Google Analytics 4, and digital laws and compliance, it covers everything a modern marketer needs to thrive.

The book brings concepts to life through strategic frameworks, real-world cases, hands-on assignments, platform-specific tips, and detailed analytics walkthroughs, accompanied by online learning resources for classroom and self-paced learning.

Whether you're a student or professional, it offers a clear path through the platforms, tools, and metrics that define marketing today&#x2014;more than a textbook, it's a companion that helps you think critically, act strategically, and lead confidently in the digital age.</subfield>
  </datafield>
  <datafield tag="650" ind1=" " ind2=" ">
    <subfield code="a">Digital business models and the digital consumer</subfield>
    <subfield code="9">255019</subfield>
  </datafield>
  <datafield tag="650" ind1=" " ind2=" ">
    <subfield code="a">Securing traffic through search engine optimization</subfield>
    <subfield code="9">255020</subfield>
  </datafield>
  <datafield tag="650" ind1=" " ind2=" ">
    <subfield code="a">Understanding and managing the digital marketing funnel</subfield>
    <subfield code="9">255021</subfield>
  </datafield>
  <datafield tag="700" ind1=" " ind2=" ">
    <subfield code="a">Kesharwani, Ankit.</subfield>
    <subfield code="9">255022</subfield>
  </datafield>
  <datafield tag="942" ind1=" " ind2=" ">
    <subfield code="2">ddc</subfield>
    <subfield code="c">BK</subfield>
    <subfield code="e">1st</subfield>
    <subfield code="k">658.84 DWER</subfield>
  </datafield>
  <datafield tag="999" ind1=" " ind2=" ">
    <subfield code="c">240909</subfield>
    <subfield code="d">240909</subfield>
  </datafield>
  <datafield tag="952" ind1=" " ind2=" ">
    <subfield code="0">0</subfield>
    <subfield code="1">0</subfield>
    <subfield code="2">ddc</subfield>
    <subfield code="4">0</subfield>
    <subfield code="7">0</subfield>
    <subfield code="8">MBA</subfield>
    <subfield code="a">AIMIT</subfield>
    <subfield code="b">AIMIT</subfield>
    <subfield code="c">DGLM</subfield>
    <subfield code="d">2026-02-12</subfield>
    <subfield code="e">SK Publishers &amp; Distributors</subfield>
    <subfield code="g">999.00</subfield>
    <subfield code="i">Bill.no:SKP4043;Bill.dt:2026/2/2</subfield>
    <subfield code="l">0</subfield>
    <subfield code="o">658.84 DWER</subfield>
    <subfield code="p">MBA15244</subfield>
    <subfield code="r">2026-05-23 00:00:00</subfield>
    <subfield code="v">749.25</subfield>
    <subfield code="w">2026-02-16</subfield>
    <subfield code="y">BK</subfield>
  </datafield>
</record>
